000 00309nam a22001337a 4500
008 180925b xxu||||| |||| 00| 0 eng d
020 _a394322711
041 _aeng
080 _23 ED
_a330
100 _a52
101 _aECO
245 _aComercial Banking In The Economy
_cNadker.P.S
942 _2udc
_cBK
999 _c48452
_d48452